| 000 | 00837nam a2200193 i 4500 | ||
|---|---|---|---|
| 001 | bg | ||
| 245 | 0 | 0 |
_aPrawo pracy, ubezpieczenia społeczne : _bzbiór ujednoliconych przepisów : kodeks pracy, bhp, urlopy i zasiłki, świadczenia socjalne, wypadki i choroby, ochrona pracy, ubezpieczenia społeczne. [Dokument elektroniczny]. |
| 250 | _aStan prawny maj 2001 r. | ||
| 260 |
_aWarszawa : _bDrągowski, _c2001. |
||
| 300 | _a1 dysk optyczny [CD-ROM]. | ||
| 500 | _aPłyta dodatkowo zawiera ujednolicone przepisy prawa dotyczące podatku dochodowego od osób fizycznych. | ||
| 650 | 9 |
_aPrawo pracy _zPolska _ystan na 2001 r. |
|
| 650 | 9 |
_aUbezpieczenia społeczne _xprawo _zPolska _ystan na 2001 r. |
|
| 040 | _cBPK | ||
| 041 | 0 | _apl | |
| 080 | _a349.2+349.3](438)(094.4) | ||
| 942 | _cCD | ||
| 008 | s pl f |000 0 pol | ||
| 999 |
_c24013 _d24013 |
||
| 856 |
_uhttp://koha.tu.koszalin.pl/cgi-bin/koha/opac-detail.pl?biblionumber=24013 _yKatalog online BPK |
||